Sharp v Griffiths (VO). (Record no. 61015)
[ view plain ]
| 000 -LEADER | |
|---|---|
| fixed length control field | 01135cam a2200193 4500 |
| 001 - CONTROL NUMBER | |
| control field | ABS61287 |
| 008 - FIXED-LENGTH DATA ELEMENTS--GENERAL INFORMATION | |
| fixed length control field | 000000n1999 000 0 eng u |
| 035 ## - SYSTEM CONTROL NUMBER | |
| System control number | (Sirsi) u101917 |
| 245 ## - TITLE STATEMENT | |
| Title | Sharp v Griffiths (VO). |
| 260 ## - PUBLICATION, DISTRIBUTION, ETC. | |
| Date of publication, distribution, etc. | 1999 |
| 490 ## - SERIES STATEMENT | |
| Series statement | Rating Appeals |
| Volume/sequential designation | [1999] RA 265-285(11) |
| 520 ## - SUMMARY, ETC. | |
| Summary, etc. | LT 22 June 1999. At issue was the rateable value of a pub, which was assessed at £4,900 in the 1995 list. The ratepayer S appealed. The property had been purchased at auction in 1993 when it was closed with no available trading record. It had operated at a loss in the four years following purchase. Held, the appeal was allowed and the assessment reduced to £500. Although the valuation methods which S suggested were rejected, the valuer needed to take an overview of the valuation which extended to the dismal profits record. The hypothetical tenant would not have anticipated that they would be able to operate the appeal property at a profit. |
| 650 ## - SUBJECT ADDED ENTRY--TOPICAL TERM | |
| Topical term or geographic name entry element | RATING APPEALS |
| 650 ## - SUBJECT ADDED ENTRY--TOPICAL TERM | |
| Topical term or geographic name entry element | RATING LISTS |
| 650 ## - SUBJECT ADDED ENTRY--TOPICAL TERM | |
| Topical term or geographic name entry element | PUBLIC HOUSES |
| 650 ## - SUBJECT ADDED ENTRY--TOPICAL TERM | |
| Topical term or geographic name entry element | SHARP V GRIFFITHS (VO) |
| 690 ## - LOCAL SUBJECT ADDED ENTRY--TOPICAL TERM (OCLC, RLIN) | |
| Topical term or geographic name as entry element | RATING AND VALUATION-CASE LAW |
| 942 ## - ADDED ENTRY ELEMENTS (KOHA) | |
| Suppress in OPAC | 0 |
| Withdrawn status | Lost status | Source of classification or shelving scheme | Damaged status | Not for loan | Home library | Current library | Shelving location | Date acquired | Total Checkouts | Full call number | Barcode | Date last seen | Copy number | Price effective from | Koha item type | Public note |
|---|---|---|---|---|---|---|---|---|---|---|---|---|---|---|---|---|
| Dewey Decimal Classification | London | London | Journal article | 12/11/1999 | ABS61287 | 101917-1001 | 06/08/2019 | 1 | 06/08/2019 | Law report | Email [email protected] for a copy (copyright and scanning fees apply) |